Delhi's Meatscapes: (Record no. 158266)

MARC details
000 -LEADER
fixed length control field 00680nam a22001937a 4500
005 - DATE AND TIME OF LATEST TRANSACTION
control field 20181024121522.0
010 ## - LCCN (DPL NO)
LC control number ENG-124350
020 ## - INTERNATIONAL STANDARD BOOK NUMBER
International Standard Book Number 9780199095384
Terms of availability 750.00
035 ## - SYSTEM CONTROL NUMBER
System control number EN-107882
037 ## - SOURCE OF ACQUISITION
Source of stock number/acquisition DBAD/PUB
082 ## - DEWEY DECIMAL CLASSIFICATION NUMBER
Classification number 331.1196490290954
100 ## - MAIN ENTRY--PERSONAL NAME
Personal name Zarin Ahmad
245 ## - TITLE STATEMENT
Title Delhi's Meatscapes:
Statement of responsibility, etc by Zarin Ahmad
Remainder of title Muslim butchers in a transforming mega-city /
260 ## - PUBLICATION, DISTRIBUTION, ETC. (IMPRINT)
Place of publication, distribution, etc New Delhi
Name of publisher, distributor, etc Oxford University Press
Date of publication, distribution, etc 2018
270 ## - ADDRESS
City New Delhi
Postal code 110002
Address 2/11 Ground Floor, Ansari Road, Daryaganj,
300 ## - PHYSICAL DESCRIPTION
Extent xii,243p
Dimensions 21cm.(Hb)
500 ## - GENERAL NOTE
General note It includes glossary, references, index and about the author
942 ## - ADDED ENTRY ELEMENTS (KOHA)
Source of classification or shelving scheme Dewey Decimal Classification
Item type English Books
Classification part 331.1196490290954
Call number suffix ZAR
Holdings
Withdrawn status Lost status Not for loan Collection code Home library Current library Date acquired Source of acquisition Cost, normal purchase price Full call number Barcode Copy number Cost, replacement price Koha item type
    Not For Loan Non-fiction D.B.Act.Division Bawana 24/10/2018 DBAD/PUB 750.00 331.1196490290954 ZAR EN-107882 1 750.00 English Books

© Delhi Public Library
Hit Counter
free hit counter